000
00302nam a22001337a 4500
008
181002b xxu||||| |||| 00| 0 eng d
020
_a
0471869805
041
_a
eng
080
_a
316
100
_a
51
101
_a
SOC
245
_a
Social Problems Impact And Solution
_c
John.s
942
_2
udc
_c
BK
999
_c
48768
_d
48768